000 00696nam a2200301Ia 4500
005 20260401122444.0
008 008 250103s9999 xx 000 0 eng d
020 _a9788183701686
037 _aTB
040 _aEDL
040 _beng
040 _cEDL
041 _2eng
041 _aeng
084 _a915.4104532CHA
084 _qEDL
100 _aChatterjee, Suhas
_91233676
245 0 _aFrontier officers in colonial North East India
245 0 _cChatterjee, Suhas
260 _aDelhi
260 _bAkansha Publication
260 _c2009
300 _a309p
942 _cTB
942 _h915.4104532CHA
999 _c1847398
_d1847398